Statistics for FIFA 22 Flashback

Click here to take the quiz!

General Stats

  • This quiz has been taken 161 times
    (53 since last reset)
  • The average score is 21 of 27

Answer Stats

ClubRatingPositionAnswer% Correct
Chelsea87CDMN'golo Kante
95%
Tottenham93STHarry Kane
91%
Real Madrid86STKarim Benzema
91%
PSG87LWNeymar
91%
Bayern Munich86CAMThomas Muller
88%
Man City74CMKevin De Bruyne
86%
Man United74CDMPaul Pogba
86%
Barcelona85CBSamuel Umtiti
86%
PSG93CMMarco Verratti
84%
Man United92CBRaphael Varane
84%
Man City87RWRiyad Mahrez
84%
Borussia Dortmund74RMMarco Reus
81%
Juventus85CBGiorgio Chiellini
79%
Liverpool93CBJoe Gomez
79%
Juventus87STAlvaro Morata
77%
AC Milan93CDMFranck Kessie
77%
Real Madrid93CAMIsco
77%
PSG91STMauro Icardi
77%
Lazio86LWPedro
77%
Liverpool95CMTrent Alexander-Arnold
77%
Atletico Madrid90STAntoine Griezmann
74%
Orlando City87STAlexandre Pato
70%
Everton94CAMDele Alli
70%
Leicester94LBRicardo Pereira
70%
Borussia Dortmund93CDMAxel Witsel
65%
Everton94CAMRicharlison
65%
PSG88CMAnder Herrera
56%

Score Distribution

Percentile by Number Answered

Percent of People with Each Score

Your Score History

You have not taken this quiz since the last reset